Dynamika výbuchu a její užití /

Saved in:
Bibliographic Details
Main Author: Henrych, Josef (Author)
Format: Book
Language:Czech
Published: Praha : Academia, 1973
Edition:1.vyd.
Subjects:
Tags: Add Tag
No Tags, Be the first to tag this record!

MARC

LEADER 00000nam a22000003a 4500
001 stu36789
005 20150617225726.6
008 920618s1973----cs------------------cze-d
040 |a STU  |b slo 
041 0 |a cze 
044 |a cs 
100 1 |a Henrych, Josef  |4 aut 
245 1 |a Dynamika výbuchu a její užití /  |c [aut.]Josef Henrych 
250 |a 1.vyd. 
260 |a Praha :  |b Academia,  |c 1973 
300 |a 411 s 
650 7 |a Dynamika výbuchu  |2 stusub 
650 7 |a výbuchy  |2 stusub 
650 7 |a dynamika  |2 stusub 
996 |b 284M062482  |c M*7275-1  |l MMST  |s A  |a 24  |w stu36789_0001